Normal view
MARC view
- SYED ADNAN QASIM
Entry Personal Name
001 - CONTROL NUMBER
- control field: 72605
003 - CONTROL NUMBER IDENTIFIER
- control field: NUST
005 - DATE AND TIME OF LATEST TRANSACTION
- control field: 20210628204837.0
008 - FIXED-LENGTH DATA ELEMENTS
- fixed length control field: 210628|| aca||aabn | a|a d
040 ## - CATALOGING SOURCE
- Original cataloging agency: NUST
- Transcribing agency: NUST
100 ## - HEADING--PERSONAL NAME
- Personal name: SYED ADNAN QASIM
670 ## - SOURCE DATA FOUND
- Source citation: Work cat.: (NUST): SYED ADNAN QASIM, TH-SOF-0807-MODELING REALISTIC PISTON SKIRTS & IST COMPRESSION RING EHL IN THE INITIAL ENGINE, 2013
